Loading...
| Literature - British | 0 | 2 | 0 | 0 | 20 | 14 | 69.00 | 1 | 1 | 9.49 | 13.64 |
| Literature - World | 0 | 2 | 0 | 0 | 20 | 72 | 87.50 | 1 | 2 | 6.72 | 15.45 |
| Social Science | 0 | 2 | 0 | 2 | 20 | 126 | 131.00 | 0 | 1 | -0.15 | 1.82 |
| History - European | 0 | 2 | 0 | 0 | 20 | 64 | 68.00 | 0 | 1 | 9.00 | 8.18 |
| Mythology | 0 | 1 | 0 | 1 | 10 | 131 | 131.00 | 0 | 0 | 0.00 | 0.91 |
| History - World | 0 | 1 | 0 | 0 | 10 | 42 | 42.00 | 1 | 1 | 6.18 | 9.09 |
| Literature - American | 0 | 1 | 0 | 0 | 10 | 147 | 147.00 | 0 | 0 | 0.00 | 1.82 |
| Science - Other | 0 | 1 | 0 | 0 | 10 | 73 | 73.00 | 0 | 1 | 3.32 | 8.18 |
| Science - Physics | 0 | 1 | 0 | 0 | 10 | 106 | 106.00 | 0 | 0 | 1.19 | 2.73 |
| Science - Chemistry | 0 | 1 | 0 | 0 | 10 | 110 | 110.00 | 0 | 1 | 1.46 | 5.45 |
| Fine Arts - Classical Music | 0 | 1 | 1 | 0 | 5 | 132 | 132.00 | 0 | 1 | 0.00 | 1.82 |
| Science - Biology | 0 | 0 | 1 | 0 | -5 | 0.00 | 0 | 0 | 0.00 | 0.00 |